La Universidad de Salamanca

Uloženo v:
Podrobná bibliografie
Hlavní autor: Alvarez Villar, Julián (Autor)
Médium: Kniha
Jazyk:španělština
Vydáno: Salamanca Universidad de Salamanca 1990
Vydání:4a. ed
Edice:Acta Salmanticensia, 49
Témata:
Tagy: Přidat tag
Žádné tagy, Buďte první, kdo vytvoří štítek k tomuto záznamu!

MARC

LEADER 00000cam a2200000 a 4500
001 UCD2930
003 CL-VaPUC
008 160520e19900000sp |||||||||||||||||spa|d
020 |a 8474815797 
082 0 4 |a 378.446  |b ALV  |2 21 
100 0 |a Alvarez Villar, Julián  |e author  |9 586332 
245 1 3 |a La Universidad de Salamanca 
250 |a 4a. ed 
300 |a v 
942 |c BK 
945 |d 20160520 11:34:00  |a dcastane 
260 |a Salamanca  |b Universidad de Salamanca  |c 1990 
500 |a v.3: arte y tradiciones 
600 0 7 |a UNIVERSIDAD DE SALAMANCA  |2 CL-VaPUC  |9 307943 
650 0 |a Universidades españolas  |9 443202 
650 0 |a Educación superior   |9 223851 
583 |a last modification  |c 20160520 11:34:00  |k Rodrigo Vera 
490 0 |a Acta Salmanticensia, 49 
999 |c 364039  |d 364037 
952 |0 0  |1 0  |3 erd  |4 0  |6 378_446000000000000_ALV_1990  |7 0  |8 A  |9 476950  |a FDOHBE  |b FDOHBE  |e Huesbe Llanos, Marco Antonio, 1934-  |h v.3  |i 530413K  |o 378.446 ALV 1990  |p 530413K  |r 2024-01-30  |w 2019-11-24  |y BK  |z Catalogado en:20160520  |k HBE 
952 |0 0  |1 0  |3 erd  |4 0  |6 378_446000000000000_ALV_1990  |7 0  |8 A  |9 476951  |a FDOHBE  |b FDOHBE  |e Huesbe Llanos, Marco Antonio, 1934-  |h v.2  |i 530606K  |l 3  |m 1  |o 378.446 ALV 1990  |p 530606K  |r 2024-01-30  |s 2020-10-06  |w 2019-11-24  |y BK  |z Catalogado en:20160713  |k HBE